Pokemon 4G - Statistiques

Statistiques générales
  • Ce quiz a été pris 28 125 fois
    28 120 depuis la dernière actualisation
  • Le résultat moyen est 74 sur 107
Statistiques - réponses
Hint Réponse % Correct
4 Ouisticram
98%
7 Tiplouf
98%
1 Tortipouss
98%
9 Pingoleon
97%
6 Simiabraz
97%
3 Torterra
97%
97 Dialga
96%
98 Palkia
96%
10 Etourmi
95%
8 Prinplouf
95%
5 Chimpenfeu
94%
12 Etouraptor
94%
11 Etourvol
94%
2 Boskara
93%
101 Giratina
93%
96 Crefadet
89%
105 Darkrai
89%
19 Luxray
88%
107 Arceus
87%
95 Crefollet
87%
94 Crehelf
87%
17 Lixy
87%
18 Luxio
87%
14 Castorno
86%
13 Keunotor
86%
59 Carchacrok
85%
102 Cresselia
83%
81 Maganon
82%
58 Carmache
81%
80 Elekable
81%
57 Griknot
81%
62 Lucario
81%
106 Shaymin
81%
61 Riolu
80%
21 Roserade
80%
99 Heatran
77%
24 Dinoclier
76%
32 Mustebouée
76%
33 Musteflott
76%
100 Regigigas
75%
25 Bastiodon
74%
22 Kranidos
74%
104 Manaphy
74%
103 Phione
73%
20 Rozbouton
73%
23 Charkos
72%
56 Spiritomb
72%
85 Givrali
71%
74 Blizzaroi
68%
73 Blizzi
68%
45 Chaglam
68%
43 Magireve
68%
84 Phyllali
68%
46 Chaffreux
66%
75 Dimoret
66%
15 Crikzik
65%
16 Melokrik
65%
82 Togekiss
65%
39 Baudrive
64%
26 Cheniti
64%
27 Cheniselle
63%
40 Grodrive
63%
44 Corboss
62%
93 Motisma
62%
30 Apireine
61%
51 Archeodong
61%
48 Moufouette
61%
29 Apitrini
60%
50 Archeomire
60%
89 Gallame
60%
76 Magnezone
60%
92 Momartik
60%
49 Moufflair
59%
78 Rhinastoc
59%
68 Coatox
58%
31 Pachirisu
58%
54 Ptiravi
58%
36 Sancoki
58%
37 Tritosor
58%
67 Cradopaud
57%
86 Scorvol
57%
60 Goinfrex
56%
63 Hippopotas
56%
87 Mamochon
56%
64 Hippodocus
55%
91 Noctunoir
55%
28 Papilord
55%
34 Ceribou
53%
35 Ceriflor
52%
66 Drascore
51%
41 Laporeille
50%
79 Bouldeneu
49%
42 Lockpin
49%
71 Lumineon
49%
65 Rapion
49%
83 Yanmega
49%
53 Mime Jr.
48%
88 Porygon Z
48%
69 Vortente
48%
70 Ecayon
47%
52 Manzai
47%
38 Capidextre
45%
77 Coudlangue
44%
90 Tarinorme
43%
55 Pijako
42%
47 Korillon
40%
72 Babimanta
36%
Aucun quiz correspondant
Distribution des résultats
% des personnes avec chaque résultat
Percentile par nombre de réponses
Votre historique - résultats
Vous n’avez pas pris ce quiz depuis la dernière actualisation